Tilastot visalle Syyria-visa

Klikkaa tästä pelataksesi tätä visaa!

Yleistilastot

  • Tätä visaa on pelattu 195 kertaa
  • Keskiarvotulos 13 / 20

Vastaustilastot

VihjeVastaus% Oikein
Virallinen kieliArabia
97%
PääkaupunkiDamaskos
92%
"Kalifaatti", joka hallitsi merkittävää osaa Syyriasta 2010-luvullaIsis
92%
Valtio, jonka kanssa Syyrialla on pisin maarajaTurkki
91%
Nimeä toinen kahdesta valtiosta, jotka ovat tukeneet Syyrian hallitusta tämänhetkisen sisällissodan aikanaIran | Venäjä
89%
Meri, jonka rannalla Syyria sijaitseeVälimeri
85%
Euroopan valtio, jolla oli mandaatti hallita Syyriaa vuosina 1924–1946Ranska
81%
Valtakunta, joka hallitsi Syyriaa vuosina 1516–1918Osmanien valtakunta
74%
Väkirikkain kaupunki (ei kaupunkialue)Aleppo
65%
Valtio, jonka kanssa Syyria oli yhdistyneenä vuosina 1958–1961, muodostaen "Yhdistyneen arabitasavallan"Egypti
62%
Muinaisina aikoina Syyria oli osa tätä "sivilisaation kehtona" tunnettua aluetta{Hedelmällinen} puolikuu
61%
Syyrian tämänhetkinen johtajaBašar al-Assad
52%
Joki, joka virtaa suuren osan Syyriasta halki matkallaan PersianlahteenEufrat
49%
Alue, jonka Israel otti Syyrialta kuuden päivän sodan aikana{Golanin} kukkulat
49%
Muinainen Mesopotamian kuningaskunta, jolta Syyria on ottanut nimensäAssyria
43%
Yllä olevan itäpäässä oleva L-kirjaimella alkava alue, johon Syyria kuuluuLevantti
43%
Puolue, johon yllä oleva henkilö kuuluuBaath
41%
ValuuttaSyyrian punta
38%
Islamin vähemmistöhaara, johon Syyrian johtavat tahot kuuluvat (alkaa kirjaimella A)Alaviitit
32%
Kolmanneksi suurin kaupunkiHoms
30%

Tulosjakauma

Persentiili vastausten määrän mukaan

Jokaisen tuloksen saaneiden osuus

Tuloshistoriasi

Et ole pelannut tätä visaa